03300nam a22001937a 4500003000400000005001700004008004100021040002600062082002700088245026500115260007700380300002400457505248700481650002502968650002802993650003103021700002903052700002503081OSt20260407134711.0260407b |||||||| |||| 00| 0 eng d aLCbENGcLCdABKeRDA 223rd ed.a348.044bHIG aThe high court bulletin [2013] H.C.B Vol. 1 : b(a digest of judgements and orders of the supreme court of Uganda, the court of appeal of Uganda, the constitutional court and the high court of Uganda) / cedited by Bakunzi Didas Mufasha and Rose Kawesa Nalule. a Kampala, Uganda :bThe Law Development Center,c January/December 2013. a102 pages :c28 cm. aAdvocates For Natural Resources Governance and Development and 2 Others Vs. Attorney General and Uganda National Roads Authority (CC)...50… Akbar Hussein Godi Vs. Uganda (CA)...11… British American Tobacco (U) Ltd Vs. Sedrach Mwijakubi and 4 Others (SC)…35… Buyinza Ronald Vs. Uganda (CA)...9… Charles Lubowa and 4 Others Vs. Makerere University (SC)...17… Concorp International Limited Vs. Eastern and Southern Africa Trade and Development Bank (SC) ...23…C.R. Patel Vs. The Commissioner Land Registration and 2 Others (HC)...91…Daveshan Development and Another Vs. Shanita Namuyimbwa And Another (HC)…89... David Omorio And Another Vs. Uganda (SC)…1… Edith Nantumbwe Kizito And 3 Others Vs. Miriam Kuteesa (CA)...71… Ephraim Turinawe and Another Vs. Molly Kyalimpa Turinawe And 4 Others (SC)...41…Geofrey Kazinda Vs. Attorney General (CC)...58… George M. Mukula Vs. Uganda (HC)…100… Giuliano Gariggio Vs. Glaudio Casadio (SC)...33… Godfrey Opus Vs. Harvest Farm Seeds (SC)...45… Hassan Basajjabalaba and Another Vs. Attorney General (CA) ...64 ... Joseph Nyakana and Another Vs. Bethuel Nsubuga And Another (HC)...98 ... Julius Rwabinumi Vs. Hope Bahimbisomwe (SC)…19… Kabale Housing Estate Tenants Association Limited Vs. Kabale Municipal Local Government Council (SC)…30… Kampala Capital City Authority Vs. Zzimwe Enterprises, Hardware And Construction Limited (HC)…84… Kikonda Butema Farm Limited Vs. Attorney General (CA)...61… Kyambogo University Vs. Isaiah Omolo Ndiege (CA) ...55… Magombe Joseph Vs. Uganda (CC)…73… Makerere University Vs. Omumbejja Namusisi Farida Naluwembe Namirembe Bwanga also known as Namirembe Bwanga Bwamirembe (HC)...86… Margaret Kato and Another Vs. Nuulu Nalwoga (SC). )... 14… Mugasa Joseph Vs. Uganda (SC)...4… Namugerwa Hadijah Vs. Director of Public Prosecutions and Attorney General (SC)...38… National Drug Authority Vs. John Chris Bakiza T/A M/S Kabyesiza & Co. Advocates (HC)…96… Nipun Norattam Bhatia Vs. Crane Bank Limited (CA)…76… Olara John Peter Vs. Uganda (CA)...6… Serunkuma Edirisa and Another Vs. Attorney General (CC)...78…Stanbic Bank Uganda Limited Vs. Atabya Agencies Limited (SC)... 47… Sumaya Nabawanuka Vs. Med Makumbi (HC)…82… Theodore Ssekikubo And 3 Others Vs. Attorney General and 4 Others (SC)...26… Wamono Shem Vs. Equity Bank Uganda Limited and Constance Wakyemba (HC)…80… William Mukasa Vs. Uganda Revenue Authority (CA)…68 aHigh court Bulletin  aSupreme Court of Uganda a Court of appeal of Uganda a Mufasha, Didas Bakunzi  aNalule, Rose Kawesa